El enigma del huevo verde.

Tallennettuna:
Bibliografiset tiedot
Päätekijä: Pelayo, Pepe (autor)
Muut tekijät: Betán (autor), Pelayo, Alex (ilustraciones)
Aineistotyyppi: Kirja
Julkaistu: Santiago, Chile: Ediciones Sm, 2019.
Painos:Novena edición.
Sarja:El Barco de Vapor
Aiheet:
Tagit: Lisää tagi
Ei tageja, Lisää ensimmäinen tagi!

MARC

LEADER 00000nam a22000007a 4500
003 CL-VaPUC
005 20231205104029.0
008 231123t2019 ||||| |||| 00| 0 eng d
999 |c 442601  |d 442599 
020 |a 978-956-264-576-8 
040 |c Pontificia Universidad Católica de Valparaíso 
082 0 4 |2 22  |a Cu863 PEL 2019 
100 1 |a Pelayo, Pepe  |e autor  |9 462415 
245 1 3 |a El enigma del huevo verde. 
250 |a Novena edición. 
260 |a Santiago, Chile:  |b Ediciones Sm,  |c 2019. 
300 |a 120 páginas; ilustraciones. 
490 0 |a El Barco de Vapor  |n  11. 
500 |a c.1. Donación Marco Antonio Rojas Salazar. Memo Curauma 20/11/2023. 
583 |c 20231123  |k Catalogador Asistente 
650 1 |a Cuentos infantiles cubanos  |9 886263 
650 1 |a Literatura infantil cubana  |9 886264 
700 |a Betán  |e autor  |9 886187 
700 |a Pelayo, Alex  |e ilustraciones  |9 886188 
942 |2 ddc  |c BK 
952 |0 0  |1 0  |2 ddc  |4 0  |6 CU_863_000000000000000_PEL_2019  |7 0  |8 A  |9 592638  |a BIBCUR  |b BIBCUR  |d 2023-11-23  |e Donación  |i 5659628  |o Cu863 PEL 2019  |p 5659628  |r 2025-04-22  |t 1  |w 2023-11-23  |y BK  |k CAC